01374nam a2200265 a 4500001001000000005001700010008004100027041000800068044000700076084002200083100004500105245008100150260004000231300002200271500018100293500007900474500025000553500005800803500001000861650005200871650005600923650003400979650004501013740005001058BRCA_272220190320203935.0031208s1892----sp-a---###---#000-0#spa-u aspa asp a219b.T37c[1892]1 aCervantes Saavedra, Miguel ded1547-161610aEl Ingenioso Hidalgo Don Quijote de la ManchacMiguel de Cervantes Saavedra. aBarcelonabLuis Tasso Serrac[1892] a2 v.bil.c23 cm. aContenido : v 1. Primera parte. Dedicatoria del autor. Prólogo del autor. Versos preliminares. Texto. -- v 2. Segunda parte. Dedicatoria del autor. Prólogo del autor. Texto aEdición : Dibujos de Gustavo Doré. Reproducciones foto-zincográficas aEdición sin pretensiones de lujo, pero muy bien impresa, con las portadas a dos tintas, adornada con profusión de grabados y 54 láminas de Doré, reducidas a menor tamaño. Semipiel; lomeras decoradas con adornos dorados Lúdovik Osterc aIncluye índice : De ilustraciones (v 2. p. 911-912) aQM20814aNovela españolayÉpoca clásica, 1500-170014aLiteratura españolayÉpoca clásica, 1500-170014aNovela españolaySiglo XVII14aDon Quijote (Personaje ficticio)eNovela0 aEl Ingenioso Hidalgo Don Quijote de la Mancha